ბათუმის შოთა რუსთაველის სახელმწიფო უნივერსიტეტის ბიბლიოთეკა

გეოგრაფიის ტერმინოლოგია : (ბიბ.ჩანაწერი № 36507)

000 -ლიდერი
ფიქსირებული სიგრძის საკონტროლო ველი 00944nam a2200217Ia 4500
001 - საკონტროლო ნომერი
საკონტროლო ველი 2425
003 - საკონტროლო ნომრის იდენტიფიკატორი
საკონტროლო ველი GE_BSU
005 - ბოლო ოპერაციის თარიღი და დრო
საკონტროლო ველი 20190520151534.0
008 - ფიქსირებული სიგრძის მონაცემთა ელემენტები - ზოგადი ინფორმაცია
ფიქსირებული სიგრძის საკონტროლო ველი 181216s1967||||ge |||||||||||||| ||geo||
040 ## - კატალოგიზაციის წყარო
Transcribing agency GE_BSU
041 ## - ენის კოდი
Language code of text/sound track or separate title geo
080 ## - უნივერსალური ათობითი კლასიფიკაციის ინდექსი
Universal Decimal Classification number 91(03) გ–33
245 ## - ცნობა სათაურის შესახებ
Title გეოგრაფიის ტერმინოლოგია :
Remainder of title რუსულ–ქართული და ქართულ–რუსული /
Statement of responsibility, etc შემდგ. დ. უკლება; რედ. გ. დუნდუა და რ .ღამბაშიძე.
264 ## - წარმოების, გამოცემის, დისტრიბუციის და სხვა ცნობები
გამოცემის, წარმოების, დისტრიბუციის... ადგილი თბილისი :
გამოცემის, წარმოების, დისტრიბუციის... სახელწოდება მეცნიერება,
გამოცემის, წარმოების, დისტრიბუციის... თარიღი 1967.
300 ## - ფიზიკური აღწერა
Extent 206 გვ.;
Other physical details 25 სმ.
653 ## - INDEX TERM--UNCONTROLLED
Uncontrolled term გეოგრაფია
653 ## - INDEX TERM--UNCONTROLLED
Uncontrolled term ტერმინოლოგია
700 ## - ADDED ENTRY--PERSONAL NAME
Personal name უკლება, დ.
Relator term შემდგენელი
9 (RLIN) 1399
700 ## - ADDED ENTRY--PERSONAL NAME
Personal name დუნდუა, გ.
Relator term შემდგენელი
9 (RLIN) 1400
942 ## - ADDED ENTRY ELEMENTS (KOHA)
Koha item type წიგნი
Source of classification or shelving scheme
ეგზემპლარები
ჩამოწერის სტატუსი დაკარგული ეგზემპლარის სტატუსი კლასიფიკაციის წყარო ან თაროზე გაწყობის სქემა დაზიანების სტატუსი არ გაიცემა მუდმივი მდებარეობა (დაცვის ადგილი) ამჟამინდელი ადგილსამყოფელი თაროზე განთავსების ადგილი შეძენის თარიღი ღირებულება, შესყიდვის ნორმალური ფასი სრული შენახვის შიფრი შტრიხკოდი ბოლო ოპერაციის თარიღი ეგზემპლარის მიმდევრობითი ნომერი (კეტერი?) ფასის ძალაში შესვლის თარიღი ეგზემპლარის სახეობა საჯარო შენიშვნა
          ბათუმის შოთა რუსთაველის სახელმწიფო უნივერსიტეტის მთავარი ბიბლიოთეკა ბათუმის შოთა რუსთაველის სახელმწიფო უნივერსიტეტის მთავარი ბიბლიოთეკა წიგნსაცავი 2018-12-17 8.00 91(03) გ–33 4261 2018-12-17 4261 2018-12-17 წიგნი 8 ლ.